000 00286nam a2200121Ia 4500
100 _aBalagurusamy/E.
942 _cBK
654 _aProgramming With C++
245 _aObject oriented programming With C++
260 _bTata McGraw Hill
_aNew Delhi.
300 _a533
546 _aENGLISH
999 _c22125
_d22125